000 00240nam a2200097Ia 4500
001 691383
005 20250826161834.0
008 250824s9999 xx 000 0 und d
245 0 _aİPEK SABAHLIK
_cOSMAN BALCIGİL
260 _bDESTEK YAYINLARI
999 _c691383
_d691383